000 00766nam a2200241Ii 4500
003 JO-AjNU
005 20240708110727.0
008 230605s9999||||xx |||||||||||||| ||und||
017 _a38379
040 _aJO-AjNU
_bara
_erda
_cJO-AjNU
041 _aara
050 1 4 _aTK3101.A2292 2005
100 3 _aعبدالعزيز، وسام احمد,
_eauthor
_97290
245 0 0 _aتمديدات الفولتية المرتفعة
250 _aط1
264 3 1 _aعمان:مكتبة المجتمع العربي، 2005
300 _a144ص
336 _atext
_btxt
_2rdacontent
337 _aunmediated
_bn
_2rdamedia
338 _avolume
_bnc
_2rdacarrier
650 4 _aالكهرباء -التمديدات الكهربائية -التركيبات
_97291
942 _2lcc
_cBK
999 _c3773
_d3773